000 01619nam a22004217a 4500
003 OSt
005 20230315142632.0
008 221006b |||||||| |||| 00| 0 eng d
040 _cBiblioteca Lado V
082 _a701.1
_bB167a
100 _9783
_aBaker, Elizabeth C.
_eeditora
245 _aArt in America/
_bInternational Review/
260 _bWhitney Communications Corporation Magazine Division
_c2009
_aNew York
300 _c22x29cm
_a216p.
366 _eeng
490 _aJunio-Julio
_v2009
505 _tFront Page
505 _tRevision 9
505 _tBooks
505 _tWorks on Paper
505 _tPerformance
505 _tIn the Studio: Luisa Rabbia
505 _tVenice Biennale Preview
_a- Introduccion - Ragnar Kjartansson: The Beginning of "the end" - Bruce Nauman: Deft in Venice - Pascale Mathine Tayou: Global Villages - Liam Gillick: Patriarcal Considerations - Peter Forgacs: Ebb and Flow - Thai Pavilion: Mental Vacation
505 _tZero & Friends
505 _tShirin Neshat: An An interview
505 _tHow German is it?
505 _tDavid Claerbout: Extrasensorial
505 _tWim Delvoye: Towering Ambition
505 _tReviews
505 _tArtworld
650 _2Tesauro de Arte & Arquitectura
_aARTE
_9703
650 _2Tesauro de Arte & Arquitectura
_aCRITICA
650 _2Tesauro de Arte & Arquitectura
_aAPRECIACION
650 _2Tesauro de Arte & Arquitectura
_aCOLECCIONISMO
650 _2Tesauro de Arte & Arquitectura
_aARTE - USA
700 _aShanley, Paul
_epublicista
942 _2ddc
_c1
_h701.1
_iB167a
_n0
999 _c3225
_d3225